Seth & Capoor's commentary on the prevention of food adulteration act, 1954 and central & state rules with orders (Record no. 404375)

000 -LEADER
fixed length control field 00450cam a22001457a 4500
008 - FIXED-LENGTH DATA ELEMENTS--GENERAL INFORMATION
fixed length control field 180718b2004 xxu||||| |||| 00| 0 eng d
020 ## - INTERNATIONAL STANDARD BOOK NUMBER
International Standard Book Number 8186976337
082 ## - DEWEY DECIMAL CLASSIFICATION NUMBER
Classification number T211 T43
100 ## - MAIN ENTRY--PERSONAL NAME
Personal name Tiku, H.L.
245 ## - TITLE STATEMENT
Title Seth & Capoor's commentary on the prevention of food adulteration act, 1954 and central & state rules with orders
Statement of responsibility, etc. by H.L. Tiku
250 ## - EDITION STATEMENT
Edition statement 4th ed.
260 ## - PUBLICATION, DISTRIBUTION, ETC.
Place of publication, distribution, etc. Delhi
Name of publisher, distributor, etc. Delhi Haw
Date of publication, distribution, etc. 2004
300 ## - PHYSICAL DESCRIPTION
Extent 1480p.
650 ## - SUBJECT ADDED ENTRY--TOPICAL TERM
Topical term or geographic name entry element Food industries
Holdings
Withdrawn status Lost status Damaged status Not for loan Permanent Location Current Location Date acquired Full call number Barcode Date last seen Price effective from Koha item type
        Indian Institute of Public Administration Indian Institute of Public Administration 2005-08-25 T211 T43 80457 2018-07-21 2018-07-21 Book

Powered by Koha